| 000 | 00585nam a22001937a 4500 | ||
|---|---|---|---|
| 999 |
_c181031 _d181031 |
||
| 005 | 20210826125928.0 | ||
| 010 | _aUR-11212 | ||
| 020 |
_c200.00 _a9789391238056 |
||
| 035 | _aU-9767 | ||
| 037 | _bDBAD/PUB | ||
| 082 | _aک | ||
| 100 | _aقيصر تمکين | ||
| 245 |
_aجگ ہنسا ئ _cقيصر تمکين |
||
| 246 |
_aJag Hansai(Urdu) _bby Qaisar Tamkeen |
||
| 260 |
_aDelhi _c2021 ء _bEducational Publishing House |
||
| 270 |
_a3191,Vakil Street, Kucha Pandit Lal Kuan, _b Delhi _e110006 _l23216162 |
||
| 300 |
_a164 ص _c22 Cm(Hb) |
||
| 942 |
_2ddc _cUR _hک _mق ے ص |
||